01668cam a22003615a 450000100090000000300090000900500170001800800410003502000250007603500240010104000450012508200200017010000430019024500710023325000190030426400460032330000440036933600260041333700280043933800270046749000350049450400510052952003290058060000750090960000560098465000330104065100100107365300240108365500240110794200120113199900170114395201460116018381253EG-ScBUE20220105150657.0141117s2015 enka f b 001 0beng d a9780198718628 (pbk.) a(OCoLC)ocn912910471 aOKUbengerdacOKUdOCLCOdDLCdEG-ScBUE04a822.33bWEL2221 aWells, Stanley,d1930-eauthor.93985310aWilliam Shakespeare :ba very short introduction /cStanley Wells. aFirst edition. 1aOxford :bOxford University Press,c2015. axv, 125 pages :billustrations ;c18 cm 2rdacontentatextbtxt 2rdamediaaunmediatedbn 2rdacarrieravolumebnc0 aVery short introductions ;v60 aIncludes bibliographical references and index. aIn this new offering from Stanley Wells comes an exploration of one of the world's greatest dramatists: William Shakespeare. Written with enthusiasm and flair, Wells looks at both the world Shakespeare lived in and all of his major works, to show how and why he continues to be so influential and important to society today.17aShakespeare, William,d1564-1616xCriticism and interpretation.2BUEsh17aShakespeare, William,d1564-1616vBiography.2BUEsh 7aEnglish drama.2BUEsh924969 2BUEsh cApril2016bHHUUEENN vReading book934232 2ddccBB c21652d21624 00102ddc40708AlahramaMAINbMAINc2NDd2016-04-18ePurchaseg81.00l0o822.33 WELp000032370r2025-07-15 00:00:00v101.00w2016-04-18yBB